01230nam a22002057a 4500008004100000020001800041040000800059041000800067100002800075245004400103250001800147260005400165300004100219490003600260520047300296650005600769650006900825655004400894655008600938250618b |||||||| |||| 00| 0 eng d a9782759055227 ctbs afre aAttelan, Franckeauthor aLa bible du Tage Magec/ Franck Attelan a15th edition. aLevallois-Perret Cedex,bGroupe Studyrama,c2024. a1413 pages,billustrations ;c24 cm. aCollection le choix du succès aNuméro 1 des ventes, la Bible du Tage Mage est l'ouvrage indispensable pour vous préparer au Tage Mage. La Bible du Tage Mage® est l’ouvrage de référence qui vous accompagnera tout au long de votre préparation au Tage Mage®. Vous y trouverez 15 tests blancs complets. Au total : plus de 2 500 questions et applications-clés... De quoi progresser rapidement dans chacune des 6 épreuves du Tage Mage® et espérer ainsi terminer parmi les premiers ! 0aTAGE MAGE (Test d'aptitude aux études de gestion) 0aFrench Selection test for Higher Education in Management Studies 0aHandbook: Preparation for the TAGE MAGE 0aLevel range: C1 - C2xCommon European Framework of Reference for Languages (CEFR)